[Event "-chT Youth Countries 2019"]
[Site "Wuerzburg"]
[Date "2019.10.04"]
[Round "5.8"]
[White "Heinze, Sofie"]
[Black "Bako, Evelin"]
[Result "1-0"]
[WhiteElo "1207"]
[BlackElo "1209"]
[Annotator "NA"]
[PlyCount "75"]
[EventDate "2019.10.02"]
[EventType "team-tourn"]
[EventRounds "7"]
[EventCountry "GER"]
[SourceTitle "playchess.com"]
[Source "ChessBase"]
[SourceQuality "1"]
[WhiteTeam "Brandenburg/Berlin"]
[BlackTeam "Württemberg"]
[TimeControl "40/5400+30:1800+30"]

1. d4 {[%emt 0:00:00]} Nf6 {[%emt 0:00:00]} 2. Nf3 {[%emt 0:00:00]} g6 {[%emt 0:01:05]} 3. g3 {[%emt 0:00:00]} c5 {[%emt 0:01:11]} 4. d5 {[%emt 0:00:24]} b5 {[%emt 0:00:57]} 5. b3 {[%emt 0:04:12]} Bb7 {[%emt 0:02:12]} 6. c4 {[%emt 0:00:50]} bxc4 {[%emt 0:01:09]} 7. bxc4 {[%emt 0:00:08]} Bg7 {[%emt 0:00:52]} 8. Nc3 {[%emt 0:00:27]} O-O {[%emt 0:06:37]} 9. Bg2 {[%emt 0:00:18]} d6 {[%emt 0:01:59]} 10. O-O {[%emt 0:00:37]} Nfd7 {[%emt 0:11:00]} 11. Bb2 {[%emt 0:01:30]} f5 {[%emt 0:01:09]} 12. Ng5 {[%emt 0:01:57]} Qa5 {[%emt 0:04:50]} 13. Qd2 {[%emt 0:02:42]} Ne5 {[%emt 0:01:47]} 14. Qf4 {[%emt 0:03:55]} Nf7 {[%emt 0:06:07]} 15. Qd2 {[%emt 0:01:08]} Nxg5 {[%emt 0:01:43]} 16. Qxg5 {[%emt 0:14:57]} Bxc3 {[%emt 0:01:21]} 17. Bxc3 {[%emt 0:00:59]} Qxc3 {[%emt 0:00:09]} 18. Qxe7 {[%emt 0:00:44]} Ba6 {[%emt 0:10:11]} 19. Qxd6 {[%emt 0:03:09]} Qxc4 {[%emt 0:03:49]} 20. Qe6+ {[%emt 0:02:14]} Kg7 {[%emt 0:03:38]} 21. Qe5+ {[%emt 0:01:07]} Kh6 {[%emt 0:03:17]} 22. Qe3+ {[%emt 0:00:27]} f4 {[%emt 0:00:38]} 23. Qe7 {[%emt 0:01:34]} Rc8 {[%emt 0:04:16]} 24. Qh4+ {[%emt 0:02:12]} Kg7 {[%emt 0:01:06]} 25. Qe7+ {[%emt 0:00:23]} Kg8 {[%emt 0:02:33]} 26. Qe6+ Kf8 {[%emt 0:01:34]} 27. Qf6+ {[%emt 0:04:33]} Ke8 {[%emt 0:02:59]} 28. Qe6+ {[%emt 0:00:50]} Kd8 {[%emt 0:00:49]} 29. Qf6+ {[%emt 0:00:14]} Kc7 {[%emt 0:02:30]} 30. d6+ {[%emt 0:00:21]} Kb6 {[%emt 0:01:34]} 31. d7+ {[%emt 0:00:16]} Kc7 {[%emt 0:01:12]} 32. dxc8=Q+ Kxc8 {[%emt 0:01:05]} 33. Bxa8 {[%emt 0:02:52]} fxg3 {[%emt 0:04:55]} 34. hxg3 {[%emt 0:01:03]} Qxe2 {[%emt 0:02:12]} 35. Rad1 {[%emt 0:01:23]} Qe8 {[%emt 0:03:08]} 36. Rd6 {[%emt 0:02:23]} Bxf1 {[%emt 0:03:43]} 37. Bc6 {[%emt 0:02:12]} Qe1 {[%emt 0:01:56]} 38. Qd8# {normal} 1-0

[Event "-chT Youth Countries 2019"]
[Site "Wuerzburg"]
[Date "2019.10.05"]
[Round "6.1"]
[White "Gschnitzer, Adrian"]
[Black "Herbrig, Alexander"]
[Result "1-0"]
[WhiteElo "2412"]
[BlackElo "2295"]
[Annotator "TA"]
[PlyCount "43"]
[EventDate "2019.10.02"]
[EventType "team-tourn"]
[EventRounds "7"]
[EventCountry "GER"]
[SourceTitle "playchess.com"]
[Source "ChessBase"]
[SourceQuality "1"]
[WhiteTeam "Baden 1"]
[BlackTeam "Sachsen"]

{[%evp 21,43,29,30,34,56,60,61,33,47,46,59,39,38,37,41,26,36,30,38,39,235,232,217,219]} 1. e4 c5 2. Nf3 Nc6 3. d4 cxd4 4. Nxd4 g6 5. c4 Bg7 6. Be3 Nf6 7. Nc3 O-O 8. Be2 d6 9. O-O Bd7 10. h3 Nxd4 11. Bxd4 Bc6 12. Qc2 {B38: Sicilian: Maroczy Bind with 5...Bg7 and 7...0-0} Nd7 (12... a5 13. Rad1 Nd7 14. Bxg7 Kxg7 15. Bg4 Ne5 16. c5 Nxg4 17. hxg4 Qc8 18. cxd6 Qxg4 19. dxe7 Rfe8 {1-0 (43) Cheparinov,I (2711)-Amin,B (2709) Zagreb 2018}) 13. Bxg7 Kxg7 14. Rad1 {White is slightly better.} Qc7 15. b4 $146 {Threatens to win with b5.} ({Predecessor:} 15. Kh1 Rad8 16. f4 Kg8 17. Rd3 a6 18. Rg3 Kh8 19. Qd2 Nf6 {1-0 (39) Tulacz,D-Podymska,A Poznan 1998}) 15... Nf6 16. Rd2 Rfc8 17. Rc1 b6 18. Bg4 Nxg4 19. hxg4 Qd7 20. f3 a5 $2 {[#]} ({Better is} 20... Qe6 $14) 21. b5 $18 Bb7 22. Na4 {Accuracy: White = 52%, Black = 40%.} 1-0

[Event "-chT Youth Countries 2019"]
[Site "Wuerzburg"]
[Date "2019.10.05"]
[Round "6.1"]
[White "Muckle, Julius"]
[Black "Browning, Alex"]
[Result "1-0"]
[WhiteElo "2398"]
[BlackElo "2291"]
[Annotator "TA"]
[PlyCount "99"]
[EventDate "2019.10.02"]
[EventType "team-tourn"]
[EventRounds "7"]
[EventCountry "GER"]
[SourceTitle "playchess.com"]
[Source "ChessBase"]
[SourceQuality "1"]
[WhiteTeam "Rheinland-Pfalz"]
[BlackTeam "Nordrhein-Westfalen"]

{[%evp 14,99,41,40,50,17,15,-11,0,-104,-104,-104,-104,-104,-101,-101,-97,-96,-86,-90,-86,-115,-112,-119,-109,-135,-114,-155,-143,-129,-118,-125,-104,-122,-93,-219,-114,-172,-178,-220,-206,-298,-283,-281,-291,-289,-274,-566,-103,-97,268,272,385,388,389,344,420,414,417,416,408,415,412,410,434,418,451,426,417,0,445,400,482,482,496,449,615,581,733,673,1014,970,920,504,29997,29998,29998,29999]} 1. d4 Nf6 2. c4 g6 3. Nc3 Bg7 4. e4 d6 5. f3 O-O 6. Be3 Nc6 7. Nge2 a6 8. Qd2 Na5 {E83: King's Indian: Sämisch Panno (6...Nc6): Lines without either Nge2 or Qd2} (8... Rb8 9. Rc1 Bd7 10. Nd1 Re8 11. Nf2 b5 12. c5 dxc5 13. Rxc5 e5 14. d5 Ne7 15. Rc1 c6 16. dxc6 Nxc6 17. Nd3 Qe7 {½-½ (33) Vidit,S (2707)-Amin,B (2707) Danzhou 2019}) 9. Ng3 b5 10. cxb5 axb5 {The position is equal.} 11. Bxb5 (11. Rc1 $11) 11... Nb3 $1 $17 {[%cal Rb3d2][%mdl 64] Double Attack, Pin} 12. Qd1 Nxa1 13. Qxa1 $146 ({Predecessor:} 13. O-O Ba6 14. Bxa6 Rxa6 {0-1 (69) Bardis,H (1797)-Beliotis,G (2107) Achaia 2017}) 13... Ba6 14. Bxa6 Rxa6 15. O-O c6 16. Qd1 Qa5 17. Qe2 Rb8 18. Rb1 {Threatening b4.} Rab6 19. Qc2 Nd7 20. Nge2 c5 21. dxc5 Nxc5 22. b3 R6b7 23. Rc1 Ra8 24. Nd4 (24. h3 $17 {might work better.}) 24... Qa6 (24... Bxd4 $19 25. Bxd4 Ne6) 25. Rd1 {[#]} (25. Qd2 $17 {was worth a try.}) 25... Rc8 $1 $19 26. Qd2 {[#]} Ne6 $1 27. Nce2 (27. h4 $142) 27... Rbc7 28. a4 Nxd4 29. Nxd4 Rc3 30. a5 $2 (30. h3) 30... Qxa5 $2 (30... e5 $19 {and Black stays clearly on top.} 31. Nc6 R8xc6) 31. Ne2 $17 {[%cal Bd4e2,Be2f4,Bf4d3,Bd3c5][%mdl 32]} R3c5 $2 {[%mdl 8192]} (31... Qa3 $17 32. Nxc3 Rxc3) 32. b4 $18 {[%mdl 64] Double Attack} Qa4 (32... Bc3 $142 33. Bxc5 Qxc5+ 34. bxc5 Bxd2) 33. bxc5 dxc5 34. Qd7 Qa6 35. Nf4 e6 36. Nd3 Ra8 37. Nxc5 Qe2 {( -> ...Ra2)} 38. Qd3 Qa2 39. h3 h5 40. Rd2 Qa1+ 41. Rd1 Qa2 $1 42. Bf2 Rb8 43. f4 Rb2 44. Qf3 Qc4 45. e5 Bf8 46. Nd7 {And now Qa8! would win.} Be7 47. Qa8+ Kg7 48. Bh4 {Threatening mate with Bf6+.} Qc2 (48... Rxg2+ $18 49. Qxg2 Bxh4) 49. Bf6+ {[%mdl 64] Overworked Piece} Bxf6 50. Qf8+ {Accuracy: White = 31%, Black = 41%.} 1-0

[Event "-chT Youth Countries 2019"]
[Site "Wuerzburg"]
[Date "2019.10.05"]
[Round "6.1"]
[White "Tiarks, Jann-Christian"]
[Black "Nothnagel, Marian Can"]
[Result "0-1"]
[WhiteElo "2178"]
[BlackElo "2376"]
[Annotator "TA"]
[PlyCount "74"]
[EventDate "2019.10.02"]
[EventType "team-tourn"]
[EventRounds "7"]
[EventCountry "GER"]
[SourceTitle "playchess.com"]
[Source "ChessBase"]
[SourceQuality "1"]
[WhiteTeam "Brandenburg/Berlin"]
[BlackTeam "Hessen"]

{[%evp 14,90,31,31,53,32,33,22,23,6,11,7,25,-36,-6,-1,0,-21,-24,-65,-67,-66,-70,-60,-54,-47,-46,-41,-53,-76,-75,-69,-47,-47,-47,-47,-47,-47,-47,-47,-47,-47,-44,-38,-38,-147,-133,-212,-214,-341,-337,-460,-453,-443,-447,-670,-433,-658,-484,-491,-486,-629,-618,-612,-593,-558,-452,-656,-655,-667,-639,-739,-541,-757,-748,-717,-684,-530,-510]} 1. e4 e5 2. Nf3 d6 3. d4 exd4 4. Nxd4 Nf6 5. Nc3 Be7 6. g3 Nc6 7. Bg2 O-O 8. O-O Bg4 {C41: Philidor Defence} (8... Bd7 9. Re1 Re8 10. h3 Bf8 11. Be3 Ne5 12. b3 h6 13. f4 Ng6 14. Qd3 c6 15. a4 Qc7 16. Rad1 {1-0 (38) Guseinov,G (2664)-Kazhgaleyev,M (2587) St Petersburg 2018}) 9. f3 {[#] Threatens to win with Nxc6.} Nxd4 10. Qxd4 Be6 {The position is equal.} 11. Be3 c5 $146 ({Predecessor:} 11... d5 12. exd5 Nxd5 13. Nxd5 Qxd5 14. Qxd5 Bxd5 15. Rad1 Rfd8 16. b3 b6 17. f4 {½-½ (17) Rutkowski,I (2168)-Schnitzspan,L (2325) Hessen 2015}) 12. Qd2 b5 {[%cal Bb7b5,Bb5b4][%mdl 32]} 13. Nd5 (13. Ne2 $11) 13... Bxd5 14. exd5 Nd7 15. a4 b4 16. b3 Bf6 17. Rad1 Re8 18. f4 Qe7 {[#] Strongly threatening ...Bc3.} 19. Bf2 Bc3 20. Qd3 Nf6 21. h3 Ne4 22. Bf3 Nxf2 23. Kxf2 Qf6 24. Kg2 Re7 25. Rf2 Rae8 26. Re2 Rxe2+ 27. Bxe2 g6 28. Qf3 Bd4 29. Bd3 ({White should try} 29. Kh2 $15) 29... Re3 $17 30. Qf1 (30. Qg4 $17) 30... Qe7 $19 31. Kh2 (31. a5 $142) 31... Bc3 32. Qf2 {White hopes to continue with Rg1.} Be1 {Black is clearly winning.} 33. Rxe1 Rxe1 {[%mdl 4096] Endgame KQR-KQB} 34. Kg2 (34. Qd2 $142 Rb1 35. h4) 34... Kg7 35. Kh2 (35. Kf3 $142 Rb1 36. Kg2) 35... Ra1 36. Kg2 Qf6 37. Qe3 Qb2 {Played: Qf6-c3} 0-1

[Event "-chT Youth Countries 2019"]
[Site "Wuerzburg"]
[Date "2019.10.05"]
[Round "6.1"]
[White "Weihrauch, Jakob"]
[Black "Färber, David"]
[Result "1/2-1/2"]
[WhiteElo "2167"]
[BlackElo "2332"]
[Annotator "TA"]
[PlyCount "43"]
[EventDate "2019.10.02"]
[EventType "team-tourn"]
[EventRounds "7"]
[EventCountry "GER"]
[SourceTitle "playchess.com"]
[Source "ChessBase"]
[SourceQuality "1"]
[WhiteTeam "Hamburg/Schleswig-Holstein"]
[BlackTeam "Baden 2"]

{[%evp 22,43,16,0,18,23,52,46,42,29,33,40,47,0,2,0,22,17,37,43,34,37,45,44]} 1. e4 c5 2. Nf3 Nc6 3. d4 cxd4 4. Nxd4 e6 5. Nb5 d6 6. c4 Nf6 7. N1c3 a6 8. Na3 Be7 9. Be2 O-O 10. O-O b6 11. Be3 Bb7 12. f4 d5 {B44: Sicilian: Taimanov: 5 Nb5} 13. cxd5 exd5 14. Nxd5 Nxd5 15. Qxd5 Qxd5 16. exd5 Nb4 17. Bxb6 (17. d6 $5 Bxd6 18. Bxb6 $14) 17... Bxd5 18. Bf3 $146 ({Predecessor:} 18. Bc4 Rab8 19. Bxd5 Nxd5 20. Bd4 {0-1 (31) Middelburg,T (2430)-Hellsten,J (2430) Brussels 1995}) 18... Bxf3 19. Rxf3 Bf6 20. Bc5 {White is slightly better.} Rfb8 21. Bd6 Rb6 22. Be5 1/2-1/2

[Event "-chT Youth Countries 2019"]
[Site "Wuerzburg"]
[Date "2019.10.05"]
[Round "6.1"]
[White "Degenhard, Simon"]
[Black "Polster, Christian"]
[Result "1/2-1/2"]
[WhiteElo "2084"]
[BlackElo "2279"]
[Annotator "TA"]
[PlyCount "56"]
[EventDate "2019.10.02"]
[EventType "team-tourn"]
[EventRounds "7"]
[EventCountry "GER"]
[SourceTitle "playchess.com"]
[Source "ChessBase"]
[SourceQuality "1"]
[WhiteTeam "Württemberg"]
[BlackTeam "Niedersachsen"]

{[%evp 26,56,39,-3,24,17,31,0,28,-45,-33,-86,-8,-73,-62,-149,-112,-172,-186,-162,0,0,0,0,0,0,0,0,0,-2,109,52,65]} 1. e4 c6 2. Nc3 {[%cal Bb1c3,Bc3e4,Be4g3][%mdl 32]} d5 3. d4 dxe4 4. Nxe4 Bf5 5. Ng3 Bg6 6. Nf3 Nd7 7. h4 h6 8. h5 Bh7 9. Bd3 Bxd3 10. Qxd3 e6 11. Bf4 Qa5+ 12. Bd2 Qb6 13. O-O-O Ngf6 14. c4 Qa6 {B19: Classical Caro-Kann: 4...Bf5 main line} 15. Kb1 Bd6 16. Rh4 $146 ({Predecessor:} 16. Nf1 O-O-O 17. Ne3 {0-1 (53) Mogranzini,R (2417)-Lopez Martinez,J (2540) Catalunya 2009}) 16... O-O {The position is equal.} 17. Bc3 (17. Ne4 $11 Nxe4 18. Rxe4) 17... Rfd8 18. Ne5 {[#]} ({White should try} 18. Qe2 $15) 18... c5 (18... Be7 $1 $17 {aiming for ...Nxe5.} 19. Qf3 Nxe5 20. dxe5 Rxd1+ 21. Qxd1 Nd5) 19. Nxd7 (19. Ng4 $11 {keeps the balance.}) 19... Rxd7 $17 20. b3 ({White should play} 20. Qf3 $15) 20... Rad8 21. Qe3 {[#]} (21. Bb2 $17 {was necessary.}) 21... Be7 $1 $19 22. Rf4 e5 $2 (22... b5 $19 23. d5 bxc4 24. Bxf6 cxb3 25. axb3 Bxf6 26. Rxf6 Rxd5 27. Rxd5 Rxd5) 23. Qxe5 $11 Bd6 24. Rxf6 $1 Bxe5 {[%mdl 64] Pin} 25. Rxa6 bxa6 26. Ba5 $1 {[%cal Ra5d8]} Rf8 27. d5 Bd4 (27... Bxg3 $1 $11 28. fxg3 f6) 28. f3 ({Better is} 28. Nf5 $16) 28... f5 $1 {Accuracy: White = 23%, Black = 29%.} 1/2-1/2

[Event "-chT Youth Countries 2019"]
[Site "Wuerzburg"]
[Date "2019.10.05"]
[Round "6.1"]
[White "Philipp, Mathias"]
[Black "Wendler, David"]
[Result "1/2-1/2"]
[WhiteElo "2063"]
[BlackElo "2107"]
[Annotator "TA"]
[PlyCount "124"]
[EventDate "2019.10.02"]
[EventType "team-tourn"]
[EventRounds "7"]
[EventCountry "GER"]
[SourceTitle "playchess.com"]
[Source "ChessBase"]
[SourceQuality "1"]
[WhiteTeam "Thüringen"]
[BlackTeam "Team Süd"]

{[%evp 12,124,65,33,48,47,52,47,77,69,75,56,66,50,78,44,56,23,15,10,40,30,63,52,54,48,41,44,39,37,33,35,26,14,8,15,21,5,11,12,14,-28,0,-21,-23,-23,-27,-19,-18,-19,-19,-20,-17,-19,-19,-20,-20,-29,-8,-8,-8,-20,-19,-37,-37,-37,-15,-54,0,-37,-37,-37,-37,-37,-37,-54,-54,-54,-54,-54,-54,-64,-64,-64,-64,-64,-64,-67,-67,-70,-67,-70,-74,-94,-94,-94,-94,-77,-77,-110,-75,-106,-102,-95,-79,-79,0,-78,-58,-61,-35,-33,-8,-8,0]} 1. d4 Nf6 2. Nf3 g6 3. Nc3 Bg7 4. e4 d6 5. Be3 Nc6 6. Qd2 Bg4 7. Be2 (7. d5 $5 {[%cal Rd5c6]} Bxf3 8. dxc6 (8. gxf3 Ne5 $14) 8... Nxe4 9. Qd3 Bxc3+ 10. bxc3 Nxf2 11. Bxf2 Bxc6 12. Qg3 $14) 7... Bxf3 {B07: Pirc Defence: Miscellaneous Systems} (7... O-O 8. O-O-O e5 9. dxe5 dxe5 10. Qxd8 Rfxd8 11. Rxd8+ Rxd8 {½-½ (11) Pavasovic,D (2566)-Smirin,I (2652) Gothenburg 2005}) 8. Bxf3 e5 9. dxe5 Nxe5 {White is slightly better.} 10. Be2 O-O 11. O-O Re8 12. f3 a6 13. a4 Qd7 14. Nd5 $146 ({Predecessor:} 14. Rad1 Rab8 15. b3 Qc6 16. Nd5 Nxd5 17. exd5 {0-1 (30) Munoz,R (1981)-Santiago,Y (2477) Villa Tehuelches 2017}) 14... Nxd5 15. Qxd5 Nc6 16. c3 Qe6 17. Bc4 Ne5 18. Ba2 (18. Qxe6 {is more complex.} fxe6 19. Bb3 Nd3 20. Ra2 Nc5 21. Bc2) 18... Qxd5 19. Bxd5 c6 20. Bb3 Nd3 21. Rab1 d5 22. Rfd1 dxe4 23. fxe4 Rad8 24. Bb6 Rd7 25. Bc2 Ne5 26. Bd4 Red8 27. Bxe5 Bxe5 28. Rxd7 Rxd7 $11 {[%mdl 4096] Endgame KRB-KRB} 29. Rd1 Re7 30. Kf2 h5 ({And not} 30... Bxh2 31. g3 $16) 31. Kf3 Kg7 32. g3 b5 33. axb5 axb5 34. Rd8 b4 35. cxb4 Rb7 36. Rc8 Rxb4 37. Rxc6 Rxb2 38. Rc5 Kf6 39. Rc6+ Kg7 40. Rc5 f6 41. Kg2 Ra2 42. Rc4 Kh6 43. Kh3 Ra3 44. Kg2 Kg5 45. Bd1 h4 {[%cal Rh4g3]} 46. gxh4+ Kxh4 47. Rc8 Ra2+ 48. Rc2 Ra4 49. Re2 Ra3 50. Rf2 Rh3 51. Kh1 g5 52. Rg2 Re3 53. Re2 Rd3 54. Bc2 Rh3 55. Ba4 g4 56. Kg1 Ra3 {[#] Hoping for ...Ra1+.} 57. Bd1 Rd3 58. Bc2 Ra3 {aiming for ...Ra1+.} 59. Bd1 $1 {[#]} Ra1 $1 {[%mdl 512]} 60. Rd2 Bf4 61. Rd7 Bh6 62. Kf2 Ra3 {Accuracy: White = 64%, Black = 64%.} 1/2-1/2

[Event "-chT Youth Countries 2019"]
[Site "Wuerzburg"]
[Date "2019.10.05"]
[Round "6.2"]
[White "Krastev, Alexander"]
[Black "Maetzkow, Maximilian Paul"]
[Result "1-0"]
[WhiteElo "2343"]
[BlackElo "2287"]
[Annotator "TA"]
[PlyCount "83"]
[EventDate "2019.10.02"]
[EventType "team-tourn"]
[EventRounds "7"]
[EventCountry "GER"]
[SourceTitle "playchess.com"]
[Source "ChessBase"]
[SourceQuality "1"]
[WhiteTeam "Hessen"]
[BlackTeam "Brandenburg/Berlin"]

{[%evp 16,83,-18,-38,-34,-50,-14,-25,-8,-20,4,-17,32,28,43,39,46,41,34,9,19,19,62,44,75,-46,28,-10,-8,-18,-14,-173,-179,-170,-179,-209,-125,-130,-141,-137,-131,-125,-126,-189,-155,-195,-107,-127,-99,-108,-105,-352,0,0,0,-116,-134,-98,-25,-27,-27,-27,-27,-27,0,-6,575,566,847,755]} 1. e4 e6 2. Nc3 d5 3. Nf3 Nf6 4. e5 Nfd7 5. d4 c5 6. dxc5 Nxc5 7. Bf4 Nc6 8. Bd3 Be7 9. h4 a6 {C11: French: Classical System: 4 e5 and 4 Bg5 dxe4} 10. h5 (10. a3 b5 11. h5 f5 12. Ne2 d4 13. Nexd4 Nxd4 14. Nxd4 Bg5 {½-½ (14) Perez Ponsa,F (2484)-Bruzon Batista,L (2689) Montevideo 2011}) 10... b5 11. Rh3 Bb7 {Black has an edge.} 12. Ne2 Qc7 $146 ({Predecessor:} 12... Qb6 13. Rg3 Ne4 14. Bxe4 dxe4 15. Nd2 O-O-O 16. Nc3 Bh4 17. Be3 {½-½ (42) Kosteniuk,A (2270)-Pitam,E (2330) Elista 1998}) 13. Ned4 O-O-O (13... O-O {with more complications.} 14. h6 g6 15. Kf1 b4 16. Kg1 Ne4) 14. Kf1 Nxd4 15. Nxd4 g5 16. Bh2 $1 Kb8 17. Kg1 Qb6 {Threatening ...Na4.} 18. c3 Ka8 19. Bc2 f5 20. g4 (20. exf6 $1 $16 Bxf6 21. Re3) 20... f4 ({Black should try} 20... Ne4 $1 $15) 21. f3 Nd7 $36 {[%mdl 2048] Black has some pressure.} 22. Qe2 Bc5 23. Kh1 $2 (23. Rd1 $11 {and White stays safe.}) 23... Bxd4 $19 24. cxd4 Qxd4 {[%mdl 64] Double Attack} 25. Bg1 Qxe5 (25... Qxb2 $19 26. Qf2 d4) 26. Qxe5 $17 Nxe5 27. Bd4 Nc4 {White must now prevent ...e5.} 28. Bxh8 Rxh8 29. h6 (29. Kg1 $17 {was necessary.}) 29... Ne3 $19 ({Resist} 29... Nxb2 30. Kg2 $17) 30. Bb3 {[#]} e5 (30... d4 $1 $19 31. Kg1 d3) 31. Rh5 Rg8 32. Rc1 Kb8 33. Rc5 $2 {[#]} (33. Kg1 $17 {was worth a try.}) 33... Rg6 $2 (33... e4 $1 $19 34. Rh3 exf3) 34. Kg1 $11 Bc6 35. a3 (35. Rxg5 $1 $11 {was the only way to keep the balance.} Rxg5 36. Rxc6) 35... Kc7 $17 36. Ba2 Kd6 {[#]} ({Better is} 36... e4 $17 {And now ...Kb6 would win.} 37. Bb1 Kb6) 37. Rxc6+ $1 {[%mdl 512]} Kxc6 38. Bb1 e4 39. fxe4 Rf6 {Threatens to win with ...f3.} 40. e5 Re6 $2 {[%mdl 8192]} (40... Rf7 $11 41. Rxg5 f3) 41. Bxh7 $18 Nxg4 42. Bf5 {[%mdl 64] Double Attack. Accuracy: White = 36%, Black = 35%.} 1-0

[Event "-chT Youth Countries 2019"]
[Site "Wuerzburg"]
[Date "2019.10.05"]
[Round "6.2"]
[White "Riehle, Marco"]
[Black "Holinka, Henning"]
[Result "1-0"]
[WhiteElo "2309"]
[BlackElo "2101"]
[Annotator "TA"]
[PlyCount "101"]
[EventDate "2019.10.02"]
[EventType "team-tourn"]
[EventRounds "7"]
[EventCountry "GER"]
[SourceTitle "playchess.com"]
[Source "ChessBase"]
[SourceQuality "1"]
[WhiteTeam "Baden 2"]
[BlackTeam "Hamburg/Schleswig-Holstein"]

{[%evp 13,101,61,54,-15,32,-11,6,-33,-39,-15,-17,-41,3,-39,0,-87,0,0,15,10,26,0,0,0,0,-116,241,221,312,192,197,161,168,168,157,145,161,110,112,0,76,-54,-54,-68,-68,-79,29,36,65,77,64,72,193,206,175,95,114,88,104,78,218,237,230,214,211,199,211,214,341,336,344,343,860,616,988,985,887,892,770,519,518,531,531,531,531,531,564,510,587,574]} 1. e4 g6 2. d4 Bg7 3. c4 d6 4. Nc3 e5 5. d5 f5 6. exf5 gxf5 7. Qh5+ Kf8 8. f4 {A42: Modern Defence: Averbakh Variation} (8. Qd1 $14) 8... Nf6 9. Qe2 (9. Qd1 {with more complications.} e4 10. Be2 Ng4 11. Bxg4 Qh4+ 12. g3) 9... e4 10. Bd2 $146 {The position is equal.} ({Predecessor:} 10. Be3 Ng4 11. O-O-O Nxe3 12. Qxe3 Qf6 13. Nge2 Na6 14. Nd4 h5 15. Be2 Bd7 {1-0 (38) Salem,A (2581)-Karjakin,S (2771) Dubai 2014}) 10... Na6 11. O-O-O Nc5 12. h3 Qe8 13. Qe3 Bd7 14. Nge2 (14. Be1 $11) 14... b5 (14... Nd3+ $17 15. Kb1 b5) 15. Nd4 $11 bxc4 16. Bxc4 Rb8 17. g4 Rb4 18. b3 Qb8 19. Kc2 {[#]} (19. Be1 $11) 19... Nd3 $2 {[%mdl 8192]} ({Stronger than} 19... fxg4 20. Rb1 $16) (19... Rxc4 $1 $17 {[%mdl 512]} 20. bxc4 Qb4) 20. Rb1 $1 $18 Qb6 (20... fxg4 $142 21. Ne6+ (21. Nxe4 Nxe4 22. Nc6 Qe8 $16) 21... Bxe6 22. dxe6 Qb7) 21. Nxf5 Bxf5 22. Qxb6 Rxb6 23. gxf5 Nb4+ 24. Kd1 Kf7 25. Ke2 (25. Be3 $18) 25... Nc2 $16 26. Kf2 (26. Be3 $1 $16) 26... Re8 (26... Na3 $1 $11 {remains equal.}) 27. Nd1 ({White should try} 27. Be3 $1 $16) 27... e3+ $15 28. Bxe3 Ne4+ 29. Kg2 Nxe3+ (29... Bd4 $17 30. Bxd4 Nxd4) 30. Nxe3 $11 Nc3 31. Rbe1 Nxa2 32. Ng4 $36 {[%mdl 2048] Hoping for Rxe8. White is on the roll.} Rbb8 (32... Rxe1 $16 {might work better.} 33. Rxe1 Nc3) 33. Re6 $18 h5 34. Nf2 (34. Ne5+ $18 dxe5 35. Rc6) 34... Nc3 $16 35. Rhe1 Bf6 36. Kf3 Rg8 {[#]} (36... Bh4 $16) 37. R1e3 $1 $18 Bh4 {[%csl Gh4][%cal Rg8g3] [#]} 38. Ng4 $1 {[%cal Rg4h6]} hxg4+ 39. hxg4 Nd1 40. Re2 {[%mdl 1024] White has strong compensation.} Nc3 (40... Rbf8 $142 41. Rc2 Nf2) 41. Rh2 Rh8 42. g5 Rh5 $2 (42... Nd1 43. f6 Bxg5 44. Rxh8 Rxh8) 43. f6 {White is clearly winning.} Rbh8 44. Re7+ {[%mdl 64] Double Attack} Kf8 45. Rxc7 Bxg5 46. Rc8+ Kf7 47. Rxh8 Rxh2 48. Rxh2 Bxf6 49. Ke3 Bg7 50. Kd3 Nd1 51. Ra2 {Accuracy: White = 51%, Black = 35%.} 1-0